[Event "SVR-op"]
[Site "Trier"]
[Date "2016.03.20"]
[Round "3"]
[White "Laubenstein, Peter"]
[Black "Schaefer, Peter"]
[Result "1-0"]
[WhiteElo "1841"]
[BlackElo "1597"]
[PlyCount "81"]
[EventDate "2016.03.19"]
[EventType "swiss"]
[EventRounds "7"]
[EventCountry "GER"]
[SourceTitle "CBM 171 Extra"]
[Source "ChessBase"]
[SourceDate "2016.04.26"]
[SourceVersion "1"]
[SourceVersionDate "2016.04.26"]
[SourceQuality "1"]

1. Nf3 c5 2. g3 Nf6 3. Bg2 g6 4. b3 Bg7 5. Bb2 Nc6 6. e4 d6 7. d3 0-0 8. Nbd2 Bg4 9. h3 Bd7 10. 0-0 Qc8 11. Kh2 Ng4+ 12. hxg4 Bxb2 13. Rb1 Bc3 14. Nc4 Bxg4 15. Ne3 Ne5 16. Nd5 Bxf3 17. Nxe7+ Kg7 18. Bxf3 Qd7 19. Nd5 Ba5 20. Kg2 Qe6 21. Rh1 f5 22. Nf4 Qd7 23. Be2 Rae8 24. Qc1 Rf7 25. Nd5 Nc6 26. Qh6+ Kh8 27. Qg5 Qe6 28. Nf4 Bd8 29. Nxe6 Bxg5 30. Nxg5 Rfe7 31. Bf3 Nd4 32. c3 Nxf3 33. Kxf3 fxe4+ 34. Nxe4 Rf8+ 35. Kg2 d5 36. Nxc5 b6 37. Na6 Re2 38. Rhf1 Rxa2 39. Nb4 Rd2 40. Ra1 Rf5 41. Ra2 1-0

[Event "Saarlouis op 6th"]
[Site "Saarlouis"]
[Date "2003.05.31"]
[Round "5"]
[White "Vierroth, Hans"]
[Black "Laubenstein, Peter"]
[Result "1-0"]
[WhiteElo "1759"]
[BlackElo "1645"]
[PlyCount "65"]
[EventDate "2003.05.??"]
[EventType "swiss"]
[EventRounds "7"]
[EventCountry "GER"]
[SourceTitle "EXT 2006"]
[Source "ChessBase"]
[SourceDate "2005.11.24"]
[SourceVersion "1"]
[SourceVersionDate "2005.11.24"]
[SourceQuality "1"]

1. d4 f5 2. g3 Nf6 3. Bg2 g6 4. b4 Bg7 5. Nf3 0-0 6. Bb2 c6 7. 0-0 a5 8. a3 d6 9. c4 Be6 10. Nbd2 Nbd7 11. Ng5 Bf7 12. Nxf7 Rxf7 13. e4 fxe4 14. Nxe4 d5 15. Ng5 dxc4 16. Nxf7 Kxf7 17. d5 Nb8 18. dxc6 Nxc6 19. b5 Na7 20. a4 Qc7 21. Rc1 Rd8 22. Qe2 Rc8 23. Bd4 b6 24. Be5 Qc5 25. Rfd1 Nxb5 26. axb5 Qxb5 27. Bf1 a4 28. Rxc4 Rxc4 29. Qxc4+ Qxc4 30. Bxc4+ e6 31. Ra1 Nh5 32. Bxg7 Nxg7 33. Rxa4 1-0